000 00710nam a2200229 a 4500
008
020 _a004523002-1(pbk.)
090 _aQB 981 BAR.
100 1 _aBrrow ,John D.
245 1 0 _aThe left hand of creation : Teh origin and evolution of the expanding universe / by John D Barrow and Joseph Silk.
260 _aLondon :
_bUnwin Paperbacks,
_c1983.
300 _a256 p. :
_bill. ;
_c20 cm.
500 _aIncludes index.
500 _aIncludes bibliographical references.
650 1 _aCosmology.
907 _a.b1025268x
_b19-10-07
_c19-10-07
003
005 20230123134510.0
040 _cNUST
049 _aMAIN
942 _cBOOKS
_kQB 981 BAR.
999 _c166989
_d166989